| 000 | 01141nam a2200277Ia 4500 | ||
|---|---|---|---|
| 001 | ebr10044783 | ||
| 003 | CaPaEBR | ||
| 006 | m u | ||
| 007 | cr cn||||||||| | ||
| 008 | 031217s2000 vau gs 000 0 eng d | ||
| 020 | _z087120925X | ||
| 040 |
_aCaPaEBR _cCaPaEBR |
||
| 035 | _a(OCoLC)54360227 | ||
| 050 | 1 | 4 |
_aLB2838 _b.D26 2000eb |
| 100 | 1 | _aDanielson, Charlotte. | |
| 245 | 1 | 0 |
_aTeacher evaluation to enhance professional practice _h[electronic resource] / _cCharlotte Danielson, Thomas L. McGreal. |
| 260 |
_aAlexandria, Va. : _bAssociation for Supervision & Curriculum Development, _c2000. |
||
| 300 | _a167 p. | ||
| 533 |
_aElectronic reproduction. _bPalo Alto, Calif. : _cebrary, _d2009. _nAvailable via World Wide Web. _nAccess may be limited to ebrary affiliated libraries. |
||
| 650 | 0 |
_aTeachers _xRating of _zUnited States. |
|
| 650 | 0 |
_aTeaching _zUnited States _xEvaluation. |
|
| 655 | 7 |
_aElectronic books. _2local |
|
| 700 | 1 | _aMcGreal, Thomas L. | |
| 710 | 2 | _aebrary, Inc. | |
| 856 | 4 | 0 |
_uhttp://site.ebrary.com/lib/rucke/Doc?id=10044783 _zAn electronic book accessible through the World Wide Web; click to view |
| 999 |
_c75075 _d75075 |
||